Statistics for Countries Producing the Most Bananas in 90 Seconds

Click here to take the quiz!

General Stats

  • This quiz has been taken 34 times
  • The average score is 8 of 14

Answer Stats

TonnesCountry% Correct
6,76 milBrazil
97%
29,1 milIndia
87%
2,04 milColombia
83%
7,01 milIndonesia
80%
13,3 milChina
77%
2,38 milMexico
70%
1,94 milVietnam
70%
6,53 milEcuador
60%
2,41 milCosta Rica
53%
5,83 milPhilippines
50%
3,78 milGuatemala
40%
3,56 milTanzania
23%
3,86 milAngola
10%
3,04 milRwanda
3%

Score Distribution

Percentile by Number Answered

Percent of People with Each Score

Your Score History

You have not taken this quiz